Normal view
MARC view
- Nauman Zahoor
Entry Personal Name
001 - CONTROL NUMBER
- control field: 92590
003 - CONTROL NUMBER IDENTIFIER
- control field: NUST
005 - DATE AND TIME OF LATEST TRANSACTION
- control field: 20220704104532.0
008 - FIXED-LENGTH DATA ELEMENTS
- fixed length control field: 220704|| aca||aabn | a|a d
040 ## - CATALOGING SOURCE
- Original cataloging agency: NUST
- Transcribing agency: NUST
100 ## - HEADING--PERSONAL NAME
- Personal name: Nauman Zahoor
670 ## - SOURCE DATA FOUND
- Source citation: Work cat.: (NUST)10615: Nauman Zahoor, " Using the ATM- eB EAIAPI to extend TAM e-B to an application and compliance management using TCIM", 2011
